Conditions of contract (Record no. 500594)

000 -LEADER
fixed length control field 00378cam a22001097a 4500
008 - FIXED-LENGTH DATA ELEMENTS--GENERAL INFORMATION
fixed length control field 180718b1963 xxu||||| |||| 00| 0 eng d
082 ## - DEWEY DECIMAL CLASSIFICATION NUMBER
Classification number L715x54 In2
245 ## - TITLE STATEMENT
Title Conditions of contract
Statement of responsibility, etc. by Ministry of Economic and Defence Co-ordination, India
260 ## - PUBLICATION, DISTRIBUTION, ETC.
Place of publication, distribution, etc. Delhi
Name of publisher, distributor, etc. Manager of Publications
Date of publication, distribution, etc. 1963
300 ## - PHYSICAL DESCRIPTION
Extent 43p.
700 ## - ADDED ENTRY--PERSONAL NAME
Personal name India. Ministry of Economic and Defence Co-ordination
Holdings
Withdrawn status Lost status Damaged status Not for loan Permanent Location Current Location Date acquired Full call number Barcode Date last seen Price effective from Koha item type
        Indian Institute of Public Administration Indian Institute of Public Administration 2018-08-04 L715x54 In2 G3956 2018-08-04 2018-08-04 G

Powered by Koha